Pääkaupungit kirjaimittain - M - Statistics

Yleistilastot
  • Tätä visaa on pelattu 1 773 kertaa
    374 viimeisimmän päivityksen jälkeen
  • Keskiarvotulos 10 / 18
Vastaustilastot
Valtio Pääkaupunki % Oikein
Espanja Madrid
85%
Meksiko Mexicó
76%
Venäjä Moskova
75%
Valko-Venäjä Minsk
73%
Uruguay Montevideo
72%
Filippiinit Manila
71%
Monaco Monaco
69%
Somalia Mogadishu
58%
Malediivit Malé
55%
Mosambik Maputo
50%
Liberia Monrovia
50%
Bahrain Manama
47%
Oman Masqat
44%
Nicaragua Managua
42%
Lesotho Maseru
40%
Swazimaa Mbabane
38%
Marshallinsaaret Majuro
36%
Komorit Moroni
32%
Ehtoja vastaavia visoja ei löytynyt
Tulosjakauma
Jokaisen tuloksen saaneiden osuus
Persentiili vastausten määrän mukaan
Tuloshistoriasi
Et ole pelannut tätä visaa sen viimeisimmän päivityksen jälkeen